Artificial intelligence : (رقم التسجيلة. 35124)
[ عرض عادي ]
| 000 -الفاتح | |
|---|---|
| حقل البيانات ثابتة الطول | 00794nam a22002297a 4500 |
| 003 - محدد رقم الضبط | |
| رقم الضبط | OSt |
| 005 - وقت وتاريخ اخر تعامل مع التسجيلة | |
| رقم الضبط | 20150408114218.0 |
| 008 - عناصر البيانات ثابتة الطول - معلومات عامة | |
| حقل البيانات ثابتة الطول | 140515s2014 njua g b 001 0 eng d |
| 020 ## - الرقم الدولى المعيارى للكتب | |
| الرقم الدولى المعيارى للكتاب | 9781292024202 |
| 040 ## - مصدر الفهرسة | |
| وكالة الفهرسة الأصلية | Ma-Un |
| 082 00 - رقم تصنيف ديوى العشرى | |
| رقم الطبعة | 22 |
| رقم التصنيف | 006.3 |
| رقم المادة | RSA |
| 100 1# - المدخل الرئيسى - إسم شخصى | |
| الإسم الشخصى | Russell, Stuart J. |
| الشكل الأكمل للاسم | (Stuart Jonathan) |
| 9 (RLIN) | 10682 |
| 245 10 - بيان العنوان | |
| العنوان | Artificial intelligence : |
| بقية العنوان | a modern approach / |
| بيان المسئوليه,etc | Stuart J. Russell, Peter Norvig. |
| 250 ## - بيان الطبعة | |
| بيان الطبعة | 3nd International Edition. |
| 260 ## - PUBLICATION, DISTRIBUTION, ETC. (IMPRINT) | |
| مكان الناشر او الموزع | Upper Saddle River, N.J. : |
| اسم الناشر او الموزع | Prentice Hall/Pearson Education, |
| تاريخ النشر أو التوزيع | 2014 |
| 300 ## - الوصف المادى | |
| التعداد | 1091 P. : |
| تفاصيل ماديه اخرى للوعاء | ill. ; |
| أبعاد الوعاء | 29 cm. |
| 490 0# - بيان السلسلة | |
| عنوان السلسلة | Prentice Hall series in artificial intelligence |
| 504 ## - تبصرة ببليوجرافية | |
| تبصرة ببليوجرافية,الخ | Includes bibliographical references and index.<br/> |
| 650 ## - المدخل الاضافى بالموضوع-مصطلح موضوعى | |
| مصطلح موضوعي أو اسم جغرافي كعنصر مدخل | Artificial intelligence |
| 700 1# - المدخل الاضافى - اسم شخصى | |
| الإسم الشخصى | Norvig, Peter |
| 9 (RLIN) | 10684 |
| 942 ## - | |
| -- | ddc |
| -- | BOOK |
| 999 ## - | |
| -- | 35124 |
| -- | 269624 |
| حالة الفقد | نموذج السعر الفعال | حالة تلف | ليس للاعارة | رقم الطلب | رقم النسخة | تاريخ الاكتساب | مصدر التزويد | Serial Enumeration / chronology | الباركود | الفرع الرئيسي | Date last seen | نوع المادة فى نظام كوها | مصدر التصنيف او خطة الترفيف | Total Checkouts | Total Renewals | Date last checked out |
|---|---|---|---|---|---|---|---|---|---|---|---|---|---|---|---|---|
| 2014-05-15 | Not For Loan | 006.3 RSA | 1 | 2014-05-15 | دار العرب | CL | 00210642 | المكتبة المركزية بالمجمعة (CL) | 2014-05-15 | كتاب | Dewey Decimal Classification | |||||
| 2015-10-13 | 006.3 RSA | 2015-10-13 | CL | 00654284 | المكتبة المركزية بالمجمعة (CL) | 2022-02-10 | كتاب | Dewey Decimal Classification | 1 | 2021-11-07 | ||||||
| 2015-10-13 | 006.3 RSA | 2015-10-13 | CL | 00654285 | المكتبة المركزية بالمجمعة (CL) | 2015-10-13 | كتاب | Dewey Decimal Classification | ||||||||
| 2014-05-15 | 006.3 RSA | 2 | 2014-05-15 | دار العرب | EZF | 00210643 | مكتبة مجمع الكليات بالزلفى - طلاب (SZM) | 2017-12-24 | كتاب | Dewey Decimal Classification | 1 | 1 | 2016-03-28 | |||
| 2014-05-15 | Not For Loan | 006.3 RSA | 1 | 2014-05-15 | دار العرب | SZM | 00210644 | مكتبة مجمع الكليات بالزلفى - طلاب (SZM) | 2014-05-15 | كتاب | Dewey Decimal Classification |
